000 00299nam a22001337a 4500
008 170823b xxu||||| |||| 00| 0 eng d
020 _a9780030322228
041 _aeng
080 _25TH
_a51
100 _a38
101 _aMAT
245 _aFUNDAMENTALS OF MATHEMATICS
_cBARKER,J
942 _2udc
_cBK
999 _c24607
_d24607